000 01693nam a22001457a 4500
999 _c531205
_d531205
008 250801b ||||| |||| 00| 0 eng d
100 _aGogoi, Chuchengfa Das, Silu Senapati, Tulika and Narah, Uttam
_955909
245 _aUnravelling Assam’s water woes: Exploring floods, erosion and disaster governance in the Brahmaputra valley
260 _aIndian Journal of Public Administration
300 _a71(2), Jun, 2025: p.287-302
520 _aThis study investigates the flooding and land erosion problems in Assam, with a specific emphasis on the June 2022 floods and the persistent difficulties in the area. The Brahmaputra valley in Assam is prone to frequent and severe floods, causing significant harm to infrastructure, livelihoods and human beings. The flood’s impact on Assam’s agrarian economy, which heavily depends on agriculture, is a topic of academic concern. Riverbank erosion is a significant threat that can displace populations and cause long-term challenges in addition to flooding. This article suggests that the present government’s strategies for mitigating disasters may be inadequate. The article investigates the efficacy of governmental measures in managing floods and riverbank erosion in Assam, with a specific emphasis on disaster governance. It also examines the governance model of recurrent disasters, identifying potential areas for improvement and providing valuable perspectives for academic research.- Reproduced https://journals.sagepub.com/doi/full/10.1177/00195561251336856
650 _aFlood, Land erosion, Assam, Disaster governance, Brahmaputra valley.
_955910
773 _aIndian Journal of Public Administration
942 _cAR